Normal view MARC view

Entry Corporate Name

Number of records used in: 1

001 - CONTROL NUMBER

  • control field: 9001

003 - CONTROL NUMBER IDENTIFIER

  • control field: TZ-ArACH

005 - DATE AND TIME OF LATEST TRANSACTION

  • control field: 20130423124724.0

008 - FIXED-LENGTH DATA ELEMENTS

  • fixed length control field: 130423|||a|||||| | ||| d

040 ## - CATALOGING SOURCE

  • Original cataloging agency: TZ-ArACH
  • Transcribing agency: TZ-ArACH

110 ## - HEADING--CORPORATE NAME

  • Corporate name or jurisdiction name as entry element: Union Africaine

670 ## - SOURCE DATA FOUND

  • Source citation: Work cat.: (TZ-ArACH)2158: Makinda, Samuel M. 8999, African Union : challenges of globalization, security, and governance, 2008.

670 ## - SOURCE DATA FOUND

  • Source citation: Work cat.: (TZ-ArACH)2158: Makinda, Samuel M. 8999, African Union : challenges of globalization, security, and governance, 2008.

African Court on Human and Peoples' Rights | For Inquiries Contact » +255 272 510 510